Statistics for Film Directors

Click here to take the quiz!

General Stats

  • This quiz has been taken 44 times
  • The average score is 9 of 16

Answer Stats

HintAnswer% Correct
Jurassic ParkSteven Spielberg
94%
Reservoir DogQuentin Tarantino
90%
Star Wars Episode IVGeorge Lucas
87%
The GodfatherFrancis Ford Coppola
84%
2001: A Space OdysseyStanley Kubrick
77%
Rear WindowAlfred Hitchcock
74%
The Dark KnightChristopher Nolan
74%
Marie AntoinetteSofia Coppola
74%
The DepartedMartin Scorsese
68%
Dead Poets SocietyPeter Weir
32%
Requiem for a DreamDarren Aronofsky
23%
The ArrivalDenis Villeneuve
23%
Kingdom of HeavenRidley Scott
23%
Hot FuzzEdgar Wright
19%
Silver Linings PlaybookDavid Russell
16%
The WitchRobert Eggers
10%

Score Distribution

Percentile by Number Answered

Percent of People with Each Score

Your Score History

You have not taken this quiz